Statistics for Little House in the Big Woods

Click here to take the quiz!

General Stats

  • This quiz has been taken 23 times
  • The average score is 11 of 15

Answer Stats

QuestionAnswer% Correct
Who came to visit at Christmas?Aunt Eliza and Uncle Henry, cousins Peter, Alice and,Ella
95%
What is the name of the Ingalls's dog?Jack
89%
What is the Ingalls's house made of?Logs
89%
What did Ma mistake the bear for?A cow
84%
What colour is Mary's hair?Golden
84%
Where did the Ingalls family live?Wisconsin
84%
What is Laura's ragdoll called?Charlotte
79%
What happened to cousin Charley?He was stung by yellow jackets
79%
What do Laura and Mary use as a ball?A pig's bladder
74%
What picture is on the butter?A strawberry
74%
Why did the Ingalls go to Grandpa's house?For a dance
74%
What is the name of the town that the Ingalls go to?Pepin
63%
How do Laura and Mary make pictures on the frosted windows?With a thimble
63%
How strong did Pa say Laura was?As strong as a French horse
53%
What did Pa make Ma for Christmas?A bracket
37%

Score Distribution

Percentile by Number Answered

Percent of People with Each Score

Your Score History

You have not taken this quiz